000 01118am a2200337a 44500
003 AR-BaBNM
005 20251128211127.0
008 252120s2001 #AR|||||||||||000 | esp||
020 _a950-9467-81-2
040 _cAR-BaBNM
100 1 _aBeck, Ulrich
245 1 0 _aPresente y futuro del estado de bienestar
_bel debate europeo
260 _aBuenos Aires
_bMiño y Dávila
_c2001
_bMinisterio de Desarrollo Social y Medio Ambiente
_bSecretaría de Tercera Edad y Acción Social
_bSistema de Información, Monitoreo y Evaluación de Programas Sociales
300 _a114 p.
_btablas
490 0 _aPolíticas sociales
650 4 _aBIENESTAR SOCIAL
650 4 _aPOLITICAS PUBLICAS
650 4 _aECONOMIA DEL BIENESTAR SOCIAL
650 4 _aORGANIZACIONES DE BIENESTAR SOCIAL
650 4 _aPLANIFICACION DEL BIENESTAR SOCIAL
650 4 _aPOLITICA SOCIAL
650 4 _aPOBREZA
651 4 _aEuropa
653 _aESTADO DE BIENESTAR
700 1 _aLe Grand, Julian
700 1 _aGlennerster, Howard
700 1 _aPaugam, Serge
700 1 _aEsping Andersen, Gosta
942 _cBK
998 _cmariana
999 _c18356
_d18356